<?xml version="1.0" encoding="UTF-8"?><?xml-stylesheet type="text/xsl" href="static/style.xsl"?><OAI-PMH xmlns="http://www.openarchives.org/OAI/2.0/" xmlns:xsi="http://www.w3.org/2001/XMLSchema-instance" xsi:schemaLocation="http://www.openarchives.org/OAI/2.0/ http://www.openarchives.org/OAI/2.0/OAI-PMH.xsd"><responseDate>2026-04-17T02:43:34Z</responseDate><request verb="GetRecord" identifier="oai:www.recercat.cat:20.500.12327/4832" metadataPrefix="marc">https://recercat.cat/oai/request</request><GetRecord><record><header><identifier>oai:recercat.cat:20.500.12327/4832</identifier><datestamp>2025-11-09T14:38:52Z</datestamp><setSpec>com_2072_4428</setSpec><setSpec>com_2072_4427</setSpec><setSpec>col_2072_487898</setSpec></header><metadata><record xmlns="http://www.loc.gov/MARC21/slim" xmlns:dcterms="http://purl.org/dc/terms/" xmlns:xsi="http://www.w3.org/2001/XMLSchema-instance" xmlns:doc="http://www.lyncode.com/xoai" xsi:schemaLocation="http://www.loc.gov/MARC21/slim http://www.loc.gov/standards/marcxml/schema/MARC21slim.xsd">
   <leader>00925njm 22002777a 4500</leader>
   <datafield ind2=" " ind1=" " tag="042">
      <subfield code="a">dc</subfield>
   </datafield>
   <datafield ind2=" " ind1=" " tag="720">
      <subfield code="a">Urbaneja Bernat, Pablo</subfield>
      <subfield code="e">author</subfield>
   </datafield>
   <datafield ind2=" " ind1=" " tag="720">
      <subfield code="a">Jaques, Josep A.</subfield>
      <subfield code="e">author</subfield>
   </datafield>
   <datafield ind2=" " ind1=" " tag="260">
      <subfield code="c">2025-09-17</subfield>
   </datafield>
   <datafield ind2=" " ind1=" " tag="520">
      <subfield code="a">The two-spotted spider mite, Tetranychus urticae, is a key pest of clementine mandarin orchards in the Mediterranean basin. Efective biological control, vital for managing T. urticae populations, involves the phytoseiid mites Euseius stipulatus, Neoseiulus californicus, and Phytoseiulus persimilis. The Mediterranean region is highly susceptible to climate change, with predicted increases in average temperatures and reduced rainfall, with potentially negative consequences for agro-ecosystem dynamics. Given the often-overlooked complexity of species interactions in climate change models, this study investigates into the potential impact of climate change, specifcally extreme events like heatwaves, on intraguild interactions among these key predatory mite species. Our fndings reveal that N. californicus is the most robust intraguild predator under forecasted climate change conditions, outperforming the other two. Conversely, E. stipulatus showed reduced performance under future climatic conditions, further afected by intraguild predation from the other two phytoseiids. Notably, P. persimilis fails to maintain its biological parameters in interactions with both intraguild prey under anticipated climatic conditions, suggesting a low tolerance to global warming in the presence of E. stipulatus and N. californicus, the primary predators of T. urticae in our citrus system. These insights are essential for biological control, as they provide crucial data on the biological paràmetres of natural enemies crucial that are critical to efective pest control in the expected global warming scenarios.</subfield>
   </datafield>
   <datafield ind1="8" ind2=" " tag="024">
      <subfield code="a">1612-4758</subfield>
   </datafield>
   <datafield ind1="8" ind2=" " tag="024">
      <subfield code="a">http://hdl.handle.net/20.500.12327/4832</subfield>
   </datafield>
   <datafield ind1="8" ind2=" " tag="024">
      <subfield code="a">https://doi.org/10.1007/s10340-025-01943-w</subfield>
   </datafield>
   <datafield ind2="0" ind1="0" tag="245">
      <subfield code="a">The impact of global change on the intraguild predation among three predatory mites of Tetranychus urticae in citrus orchards</subfield>
   </datafield>
</record></metadata></record></GetRecord></OAI-PMH>